| 000 | 00766nam a22002177a 4500 | ||
|---|---|---|---|
| 003 | OSt | ||
| 005 | 20250925135143.0 | ||
| 008 | 250925| |||ao||| |||| 00| 0 spa d | ||
| 020 | _a16222003 | ||
| 037 | _bDonación | ||
| 040 |
_aCO-JMCR _cCO-JMCR _dCO-JMCR _bspa _erda |
||
| 041 | 0 | _aspa | |
| 082 | 0 | 4 |
_a986.1 _223 _bG27b |
| 100 | 1 |
_aGavassa Villamizar, Edmundo, _d1940- _eautor. _944342 |
|
| 245 | 1 | 0 |
_aBucaramanga y sus alcaldes, 1622-2004 / _cEdmundo Gavassa Villamizar. |
| 260 |
_aBucaramanga, Colombia : _bLiberi Montani Semper, _c2004. |
||
| 300 |
_a208 páginas : _bIlustraciones, fotografías ; _c23 x 25 cm. |
||
| 650 | 2 | 4 |
_aAlcaldes _zColombia _zBucaramanga _vBiography. _2JMCR _944343 |
| 650 | 2 | 4 |
_aHistoria _zBucaramanga _2JMCR _xalcaldes _944344 |
| 942 |
_2ddc _cBK |
||
| 999 |
_c31087 _d17471 |
||